Statistics for Boundless: Homeworlds

Click here to take the quiz!

General Stats

  • This quiz has been taken 6 times
  • The average score is 32 of 50

Answer Stats

TierPlanet% Correct
Tier 3Boori
100%
Tier 1Refgar
100%
Tier 1Alder
75%
Tier 1Angel I
75%
Tier 2Antar VI
75%
Tier 1Arie
75%
Tier 3
Biitula
75%
Tier 3Cephonex Merika
75%
Tier 4Circarpous I
75%
Tier 5Flan
75%
Tier 3Gloviathosa
75%
Tier 3Grovidias Te
75%
Tier 3Gyosha Ophin
75%
Tier 6Houchus I
75%
Tier 6Kol Huroo
75%
Tier 3Lamblis
75%
Tier 1Lasaina
75%
Tier 1Maryx
75%
Tier 6Norkyna
75%
Tier 1Raxxa
75%
Tier 1Sorissi
75%
Tier 1Storis II
75%
Tier 2Tana VII
75%
Tier 4Till
75%
Tier 3Xa Frant
75%
Tier 6Alcyon
50%
Tier 5Alnitans
50%
Tier 1Beckon
50%
Tier 5Besevrona
50%
Tier 6Cardass
50%
Tier 4Delta Cancret
50%
Tier 1Dzassak
50%
Tier 2Eresho
50%
Tier 2Finata
50%
Tier 6Galan
50%
Tier 1Gellis
50%
Tier 3Imdaari
50%
Tier 3Imoco
50%
Tier 2Kada I
50%
Tier 2Lutrion
50%
Tier 6Malurialakrib
50%
Tier 2Minorengle
50%
Tier 1Niia Zed Ka
50%
Tier 2Pheminorum
50%
Tier 2Seginiakai
50%
Tier 5Serpensarindi
50%
Tier 1Sochaltin I
50%
Tier 1Trior
50%
Tier 2Trung
50%
Tier 6Shedu Tier
25%

Score Distribution

Percentile by Number Answered

Percent of People with Each Score

Your Score History

You have not taken this quiz